Príjmy z autorských honorárov a daň z príjmov za rok 1994

Príjmy typu autorských honorárov. Podanie daňového priznania a daň z príjmov za rok 1994.

Salvato in:
Dettagli Bibliografici
Autore principale: Piršelová, Dagmar
Natura: Capitolo di libro
Lingua:slovacco
Soggetti:
Tags: Aggiungi Tag
Nessun Tag, puoi essere il primo ad aggiungerne!!

MARC

LEADER 00000naa a2200000 4500
001 r024046
005 20221205090116.2
041 0 |a slo 
044 |a SK 
245 1 0 |a Príjmy z autorských honorárov a daň z príjmov za rok 1994  |c Dagmar Piršelová 
520 |a Príjmy typu autorských honorárov. Podanie daňového priznania a daň z príjmov za rok 1994. 
610 2 0 |a dane z príjmov 
610 2 0 |a honoráre 
610 2 0 |a priznania daňové 
610 2 0 |a 1994 
100 1 |a Piršelová, Dagmar